Vznik kurzových rozdielov a ich zahrňovanie do základu dane

Analýza podielu kurzových rozdielov na výsledku hospodárenia v spoločnosti zostavujúcej účtovnú závierku podľa slovenskej právnej úpravy a zahrňovanie kurzových rozdielov do základu dane.

Guardado en:
Detalles Bibliográficos
Autor principal: Jančičková, Lea, 1996-
Formato: Capítulo de libro
Lenguaje:eslovaco
Materias:
Etiquetas: Agregar Etiqueta
Sin Etiquetas, Sea el primero en etiquetar este registro!

MARC

LEADER 00000naa$a2200000$$$4500
001 0280342
005 20240502074342.2
041 0 |a slo 
044 |a SK 
245 1 0 |a Vznik kurzových rozdielov a ich zahrňovanie do základu dane  |c Lea Jančičková 
520 |a Analýza podielu kurzových rozdielov na výsledku hospodárenia v spoločnosti zostavujúcej účtovnú závierku podľa slovenskej právnej úpravy a zahrňovanie kurzových rozdielov do základu dane. 
610 2 0 |a rozdiely kurzové 
610 2 0 |a zisk 
610 2 0 |a kurz menový 
610 2 0 |a strata 
610 2 0 |a základ dane 
610 2 0 |a mena 
100 1 |a Jančičková, Lea, 1996-